Komunikácia s rodičom s agresívnym správaním: možnosti prevencie

Príspevok približuje aktuálny problém súčasnej školskej praxe, ktorým je agresívne správanie rodičov či zákonných zástupcov žiakov voči zamestnancom školy. Prezentácia výsledkov aktuálneho výskumu, ktorý potvrdil výskyt tohto javu. Rady ako komunikovať s takýmto rodičom a ako predchádzať vystupňovan...

Full description

Saved in:
Bibliographic Details
Main Author: Emmerová, Ingrid
Format: Book Chapter
Language:Slovak
Subjects:
Tags: Add Tag
No Tags, Be the first to tag this record!

MARC

LEADER 00000naa a2200000 4500
001 0296372
005 20240417075248.7
041 0 |a slo 
044 |a SK 
245 1 0 |a Komunikácia s rodičom s agresívnym správaním: možnosti prevencie  |c Ingrid Emmerová 
520 |a Príspevok približuje aktuálny problém súčasnej školskej praxe, ktorým je agresívne správanie rodičov či zákonných zástupcov žiakov voči zamestnancom školy. Prezentácia výsledkov aktuálneho výskumu, ktorý potvrdil výskyt tohto javu. Rady ako komunikovať s takýmto rodičom a ako predchádzať vystupňovaniu konfliktnej situácie. 
610 2 0 |a školy 
610 2 0 |a rodina 
610 2 0 |a psychológia pedagogická 
610 2 0 |a správanie 
610 2 0 |a komunikácia 
610 2 0 |a prevencia 
100 1 |a Emmerová, Ingrid